Ritratto di Rosai : lineamenti di un'esistenza /
Saved in:
| Hovedforfatter: | |
|---|---|
| Format: | Bog |
| Sprog: | italiensk |
| Udgivet: |
Bari :
De Donato : "Leonardo da Vinci",
1966
|
| Serier: | Rapporti
|
| Fag: | |
| Tags: |
Ingen Tags, Vær først til at tagge denne postø!
|
MARC
| LEADER | 00000nam a22000007i 4500 | ||
|---|---|---|---|
| 001 | IT\ICCU\SBL\0073396 | ||
| 003 | ItRI | ||
| 005 | 20260115232336.0 | ||
| 008 | 910930s1966 it |||||| ||||| |||||c | ||
| 015 | |2 IT |a 6612020 | ||
| 040 | |b ita |c importazione bologna sebina | ||
| 041 | 7 | |a ita |2 ISO-639-2 | |
| 082 | |a 927 |9 BIOGRAFIA. ARTISTI, MUSICISTI |2 16 | ||
| 100 | 1 | |a Santi, Piero, |d (1912-1990) |0 IT\ICCU\MILV\218707 |4 aut | |
| 245 | 1 | 0 | |a Ritratto di Rosai : |b lineamenti di un'esistenza / |c Piero Santi. |
| 260 | |a Bari : |b De Donato : |b "Leonardo da Vinci", |c 1966 | ||
| 300 | |a 126 p., [4] carte di tav. : |b ill. ; |c 21 cm. | ||
| 650 | 7 | |a Rosai, Ottone |2 scbi | |
| 830 | 0 | |a Rapporti |0 IT\ICCU\RAV\0003151 | |
| 942 | |2 ddc |c BK |n 0 | ||
| 952 | |0 0 |1 0 |4 0 |6 DOC_759_509000000000000_SAN |7 0 |9 24490 |a BO |b BO |d 2026-01-15 |i 247 |l 0 |o DOC 759.509 SAN |p BO247 |r 2026-01-15 23:23:36 |w 2026-01-15 |x [Sebina 7] [1 v.] |y BK |z 1 v. | ||
| 999 | |c 20841 |d 20841 | ||